Coheed and Cambria: All Songs - Statistics

General Stats
  • This quiz has been taken 35 times
    13 since last reset
  • The average score is 57 of 133
Answer Stats
Album Answer % Correct
In Keeping Secrets of Silent Earth: 3 A Favor House Atlantic
83%
In Keeping Secrets of Silent Earth: 3 In Keeping Secrets of Silent Earth: 3
83%
Good Apollo, I'm Burning Star IV, Volume Two: No World for Tomorrow No World for Tomorrow
83%
The Second Stage Turbine Blade Time Consumer
83%
Vaxis – Act I: The Unheavenly Creatures Unheavenly Creatures
83%
Good Apollo, I'm Burning Star IV, Volume One: From Fear Through the Eyes of Madness Welcome Home
83%
In Keeping Secrets of Silent Earth: 3 21:13
67%
The Second Stage Turbine Blade 33
67%
Vaxis – Act III: The Father of Make Believe Blind Side Sonny
67%
Vaxis – Act II: A Window of the Waking Mind Blood
67%
In Keeping Secrets of Silent Earth: 3 Blood Red Summer
67%
The Color Before the Sun Colors
67%
The Second Stage Turbine Blade Devil in Jersey City
67%
The Color Before the Sun Eraser
67%
The Second Stage Turbine Blade Everything Evil
67%
Vaxis – Act III: The Father of Make Believe Goodbye, Sunshine
67%
The Afterman: Descension Gravity's Union
67%
The Second Stage Turbine Blade Junesong Provision
67%
The Afterman: Ascension Key Entity Extraction I: Domino the Destitute
67%
Vaxis – Act III: The Father of Make Believe Play the Poet
67%
In Keeping Secrets of Silent Earth: 3 The Camper Velourium III: Al the Killer
67%
In Keeping Secrets of Silent Earth: 3 The Crowing
67%
Vaxis – Act III: The Father of Make Believe The Father of Make Believe
67%
The Afterman: Descension The Hard Sell
67%
In Keeping Secrets of Silent Earth: 3 The Ring in Return
67%
The Second Stage Turbine Blade The Second Stage Turbine Blade
67%
The Afterman: Descension 2s My Favorite 1
50%
Vaxis – Act II: A Window of the Waking Mind A Disappearing Act
50%
Good Apollo, I'm Burning Star IV, Volume One: From Fear Through the Eyes of Madness Apollo I: The Writing Writer
50%
The Color Before the Sun Atlas
50%
The Afterman: Descension Away We Go
50%
Vaxis – Act II: A Window of the Waking Mind Comatose
50%
The Second Stage Turbine Blade Delirium Trigger
50%
The Color Before the Sun Ghost
50%
The Second Stage Turbine Blade Hearshot Kid Disaster
50%
Year of the Black Rainbow Here We Are Juggernaut
50%
The Afterman: Descension Iron Fist
50%
The Afterman: Descension Key Entity Extraction V: Sentry the Defiant
50%
Vaxis – Act II: A Window of the Waking Mind Ladders of Supremacy
50%
Good Apollo, I'm Burning Star IV, Volume Two: No World for Tomorrow Mother Superior
50%
The Afterman: Descension Number City
50%
Year of the Black Rainbow One
50%
Vaxis – Act III: The Father of Make Believe One Last Miracle
50%
The Color Before the Sun Peace to the Mountain
50%
The Afterman: Descension Pretelethal
50%
Vaxis – Act II: A Window of the Waking Mind Shoulders
50%
Vaxis – Act III: The Father of Make Believe Someone Who Can
50%
The Afterman: Ascension Subtraction
50%
Good Apollo, I'm Burning Star IV, Volume One: From Fear Through the Eyes of Madness Ten Speed (Of God's Blood & Burial)
50%
The Afterman: Ascension The Afterman
50%
Vaxis – Act III: The Father of Make Believe The Continuum IV: So It Goes
50%
Vaxis – Act I: The Unheavenly Creatures The Dark Sentencer
50%
Vaxis – Act II: A Window of the Waking Mind The Embers of Fire
50%
Good Apollo, I'm Burning Star IV, Volume Two: No World for Tomorrow The End Complete I: The Fall of House Atlantic
50%
The Afterman: Ascension The Hollow
50%
In Keeping Secrets of Silent Earth: 3 The Light & The Glass
50%
Good Apollo, I'm Burning Star IV, Volume One: From Fear Through the Eyes of Madness The Suffering
50%
Good Apollo, I'm Burning Star IV, Volume One: From Fear Through the Eyes of Madness The Willing Well I: Fuel for the Feeding End
50%
Good Apollo, I'm Burning Star IV, Volume One: From Fear Through the Eyes of Madness Wake Up
50%
Vaxis – Act II: A Window of the Waking Mind Window of the Waking Mind
50%
The Color Before the Sun You Got Spirit Kid
50%
Vaxis – Act I: The Unheavenly Creatures All on Fire
33%
Vaxis – Act II: A Window of the Waking Mind Bad Man
33%
Vaxis – Act II: A Window of the Waking Mind Beautiful Losers
33%
Vaxis – Act I: The Unheavenly Creatures Black Sunday
33%
Vaxis – Act III: The Father of Make Believe Corner My Confidence
33%
In Keeping Secrets of Silent Earth: 3 Cuts Marked in the March of Men
33%
The Afterman: Descension Dark Side of Me
33%
Year of the Black Rainbow Far
33%
Good Apollo, I'm Burning Star IV, Volume Two: No World for Tomorrow Feathers
33%
The Second Stage Turbine Blade God Send Conspirator
33%
The Afterman: Ascension Goodnight, Fair Lady
33%
Good Apollo, I'm Burning Star IV, Volume Two: No World for Tomorrow Gravemakers & Gunslingers
33%
Year of the Black Rainbow Guns of Summer
33%
Year of the Black Rainbow In the Flame of Error
33%
The Color Before the Sun Island
33%
Vaxis – Act I: The Unheavenly Creatures It Walks Among Us
33%
The Afterman: Ascension Key Entity Extraction II: Holly Wood the Cracked
33%
The Afterman: Ascension Key Entity Extraction III: Vic the Butcher
33%
The Afterman: Ascension Key Entity Extraction IV: Evagria the Faithful
33%
Vaxis – Act II: A Window of the Waking Mind Love Murder One
33%
Vaxis – Act I: The Unheavenly Creatures Lucky Stars
33%
Vaxis – Act III: The Father of Make Believe Meri of Mercy
33%
Good Apollo, I'm Burning Star IV, Volume One: From Fear Through the Eyes of Madness Mother May I
33%
The Afterman: Ascension Mothers of Men
33%
The Second Stage Turbine Blade Neverender
33%
Vaxis – Act I: The Unheavenly Creatures Night-Time Walkers
33%
Vaxis – Act II: A Window of the Waking Mind Our Love
33%
Year of the Black Rainbow Pearl of the Stars
33%
Vaxis – Act I: The Unheavenly Creatures Prologue
33%
Vaxis – Act I: The Unheavenly Creatures Queen of the Dark
33%
Vaxis – Act II: A Window of the Waking Mind Rise, Naianasha (Cut the Cord)
33%
Vaxis – Act III: The Father of Make Believe Searching for Tomorrow
33%
Year of the Black Rainbow The Black Rainbow
33%
Year of the Black Rainbow The Broken
33%
In Keeping Secrets of Silent Earth: 3 The Camper Velourium I: Faint of Hearts
33%
In Keeping Secrets of Silent Earth: 3 The Camper Velourium II: Backend of Forever
33%
Vaxis – Act III: The Father of Make Believe The Continuum III: Tethered Together
33%
Vaxis – Act III: The Father of Make Believe The Continuum II: The Flood
33%
Vaxis – Act III: The Father of Make Believe The Continuum I: Welcome to Forever, Mr. Nobody
33%
Good Apollo, I'm Burning Star IV, Volume Two: No World for Tomorrow The End Complete III: The End Complete
33%
Vaxis – Act I: The Unheavenly Creatures The Gutter
33%
Good Apollo, I'm Burning Star IV, Volume Two: No World for Tomorrow The Hound (of Blood and Rank)
33%
Vaxis – Act II: A Window of the Waking Mind The Liars Club
33%
Good Apollo, I'm Burning Star IV, Volume One: From Fear Through the Eyes of Madness The Lying Lies & Dirty Secrets of Miss Erica Court
33%
Vaxis – Act I: The Unheavenly Creatures The Pavilion (A Long Way Back)
33%
Good Apollo, I'm Burning Star IV, Volume One: From Fear Through the Eyes of Madness The Willing Well IV: The Final Cut
33%
Year of the Black Rainbow This Shattered Symphony
33%
In Keeping Secrets of Silent Earth: 3 Three Evils (Embodied in Love and Shadow)
33%
Vaxis – Act I: The Unheavenly Creatures Toys
33%
Vaxis – Act I: The Unheavenly Creatures True Ugly
33%
Year of the Black Rainbow When Skeletons Live
33%
Vaxis – Act III: The Father of Make Believe Yesterday's Lost
33%
The Color Before the Sun Young Love
33%
In Keeping Secrets of Silent Earth: 3 A Lot of Nothing
17%
Good Apollo, I'm Burning Star IV, Volume One: From Fear Through the Eyes of Madness Always & Never
17%
Good Apollo, I'm Burning Star IV, Volume One: From Fear Through the Eyes of Madness Crossing the Frame
17%
The Color Before the Sun Here to Mars
17%
Good Apollo, I'm Burning Star IV, Volume Two: No World for Tomorrow Justice in Murder
17%
Good Apollo, I'm Burning Star IV, Volume One: From Fear Through the Eyes of Madness Keeping the Blade
17%
Vaxis – Act I: The Unheavenly Creatures Love Protocol
17%
Year of the Black Rainbow Made Out of Nothing (All That I Am)
17%
Vaxis – Act I: The Unheavenly Creatures Old Flames
17%
Good Apollo, I'm Burning Star IV, Volume One: From Fear Through the Eyes of Madness Once Upon Your Dead Body
17%
The Color Before the Sun The Audience
17%
Good Apollo, I'm Burning Star IV, Volume Two: No World for Tomorrow The End Complete II: Radio Bye Bye
17%
Good Apollo, I'm Burning Star IV, Volume Two: No World for Tomorrow The End Complete IV: The Road and the Damned
17%
Good Apollo, I'm Burning Star IV, Volume Two: No World for Tomorrow The End Complete V: On the Brink
17%
Good Apollo, I'm Burning Star IV, Volume Two: No World for Tomorrow The Reaping
17%
Good Apollo, I'm Burning Star IV, Volume Two: No World for Tomorrow The Running Free
17%
Good Apollo, I'm Burning Star IV, Volume One: From Fear Through the Eyes of Madness The Willing Well II: From Fear Through the Eyes of Madness
17%
Good Apollo, I'm Burning Star IV, Volume One: From Fear Through the Eyes of Madness The Willing Well III: The Telling Truth
17%
Year of the Black Rainbow World of Lines
17%
No matching quizzes found
Score Distribution
Percent of People with Each Score
Percentile by Number Answered
Your Score History
You have not taken this quiz since the last reset